000 00822nam a2200217 a 4500
001 BRCA_685
005 20190320203115.0
008 010924s1988 mx-a---##b---#001-0#spa-#
020 _a9688160830
050 4 _aF1386
_b.D57 15
_c1988
100 1 _aCampos, Rubén M.
_92257
245 1 0 _aChapultepec
_bsu leyenda y su historia
_cRubén M. Campos ; fotografías de José M. Lupercio y Gustavo F. Silva.
260 _aMéxico
_bDepartamento del Distrito Federal : Secretaría General de Desarrollo Social : Comité Interno de Ediciones Gubernamentales
_c1988
300 _a85 p.
_bil., fotos
_c21 cm.
440 0 _aColección Distrito Federal
_v15
_92258
650 1 4 _aChapultepec
_xHistoria
_92259
651 4 _aMéxico
_xHistoria
_9614
700 1 _aLupercio, José M
_92260
700 1 _aSilva, Gustavo F
_92261
942 _2lcc
_cB
999 _c591
_d591